Elaboración de avalúos de Bienes Inmuebles mediante el análisis y desglose de sus elementos, componentes arquitectónicos y contractivos para la determinación de su valor
El presente informe describe la practicas realizada en la empresa valuadora de activos fijos con responsabilidad técnica, VALUARTE S.A. en un ciclo de seis meses comprendidos de marzo 2018- agosto 2018.
| Main Author: | |
|---|---|
| Other Authors: | |
| Format: | Tesis Section = Libro |
| Language: | Undetermined Spanish |
| Published: |
Managua, Nicaragua
UNI
2018
|
| Subjects: |
| LEADER | 01214nam a2200277Ia 4500 | ||
|---|---|---|---|
| 008 | 240830s9999 xx 000 0 und d | ||
| 040 | |a BIBLIOTECA-RUSB/ Mon 728 V297 | ||
| 041 | |a spa | ||
| 082 | |a Mon 728 V297 | ||
| 100 | 1 | |a Vargas Rugama, Ludwig Ramsés | |
| 245 | 1 | 0 | |a Elaboración de avalúos de Bienes Inmuebles mediante el análisis y desglose de sus elementos, componentes arquitectónicos y contractivos para la determinación de su valor |
| 260 | |a Managua, Nicaragua |b UNI |c 2018 | ||
| 300 | |a 79 p. :il. | ||
| 500 | |a Contiene: CD. | ||
| 502 | |a Tesis (Arquitecto) - UNI, 2018. | ||
| 520 | 3 | |a El presente informe describe la practicas realizada en la empresa valuadora de activos fijos con responsabilidad técnica, VALUARTE S.A. en un ciclo de seis meses comprendidos de marzo 2018- agosto 2018. | |
| 650 | 7 | |a VIVIENDAS-ASPECTOS ECONÓMICOS | |
| 650 | 7 | |b VALORACION DE BIENES INMUEBLES | |
| 650 | 7 | |c DISEÑO ARQUITECTÓNICO- ASPECTOS ECONÓMICOS | |
| 650 | 7 | |d ARQUITECTURA- DISEÑOS Y PLANOS | |
| 650 | 7 | |e PRÁCTICAS PROFESIONALES | |
| 650 | 7 | |f FORMACIÓN PROFESIONAL | |
| 700 | 1 | |a Tutor: |b Guevara Chamorro, Cristian Alejandro | |
| 942 | |c BK |2 ddc | ||
| 991 | |a TESIS | ||
| 999 | |c 21441 | ||